LEADER 01209nam--2200385---450- 001 990005849740203316 005 20130528111325.0 010 $a978-88-06-21095-3 035 $a000584974 035 $aUSA01000584974 035 $a(ALEPH)000584974USA01 035 $a000584974 100 $a20130528d2012----km-y0itay50------ba 101 1 $aita$cpor 102 $aIT 105 $a||||||||001yy 200 1 $aLibro dell'inquietudine$fFernando Pessoa$gtesto critico di Jerónimo Pizarro$ga cura di Paolo Collo$gprefazione di Corrado Bologna 210 $aTorino$cEinaudi$d2012 215 $aLXII, 527 p., [1] carta di tav.$d21 cm 225 2 $aLetture Einaudi$v44 410 0$12001$aLetture Einaudi$v44 454 0$12001$aLivro do desassossego$914158 606 0 $2BNCF 676 $a869.34 700 1$aPESSOA,$bFernando$0329680 801 0$aIT$bsalbc$gISBD 912 $a990005849740203316 951 $aVI.6.A. 158$b240645 L.M.$cVI.6.A.$d00314672 959 $aBK 969 $aUMA 979 $aPASSARO$b90$c20130528$lUSA01$h1106 979 $aPASSARO$b90$c20130528$lUSA01$h1111 979 $aPASSARO$b90$c20130528$lUSA01$h1113 996 $aLivro do desassossego$914158 997 $aUNISA LEADER 04085nam 22006855 450 001 9910300233903321 005 20250609110713.0 010 $a4-431-55438-6 024 7 $a10.1007/978-4-431-55438-7 035 $a(CKB)3710000000379751 035 $a(EBL)2094290 035 $a(SSID)ssj0001465371 035 $a(PQKBManifestationID)11808988 035 $a(PQKBTitleCode)TC0001465371 035 $a(PQKBWorkID)11471543 035 $a(PQKB)10918424 035 $a(DE-He213)978-4-431-55438-7 035 $a(MiAaPQ)EBC2094290 035 $a(PPN)184888980 035 $a(MiAaPQ)EBC3109234 035 $a(EXLCZ)993710000000379751 100 $a20150331d2015 u| 0 101 0 $aeng 135 $aur|n|---||||| 181 $ctxt 182 $cc 183 $acr 200 10$aAtlas of Clear Cell Carcinoma of the Ovary $eA Pathological Guide /$fby Junzo Kigawa, Tsunehisa Kaku, Toru Sugiyama, Steven G Silverberg 205 $a1st ed. 2015. 210 1$aTokyo :$cSpringer Japan :$cImprint: Springer,$d2015. 215 $a1 online resource (55 p.) 300 $aDescription based upon print version of record. 311 08$a4-431-55437-8 320 $aIncludes bibliographical references at the end of each chapters. 327 $aChapter 1 Introduction -- Chapter 2 Gross Pathology and Intraoperative Consultation -- Chapter 3 Typical Histopathology -- Chapter 4 Histopathologic Variations Chapter -- Chapter 5 Histopathologic Grading -- Chapter 6 Immunohistochemistry -- Chapter 7 Differential Diagnosis. 330 $aClear cell carcinoma (CCC) of the ovary with its unique clinical and biological features has attracted great attention, and calls for the publication of a specialized book on the subject. This is the first atlas that has narrowed its focus to CCC. Revealed here are the typical and variable histological features of CCC and related tumors. Hundreds of high-quality photographs help the reader to recognize the pathological features and clinical manifestations of CCC and to formulate diagnoses confidently and accurately. Data are based on the international central pathological review of the JGOG/GCIG3017 clinical trial in which experts around the world participated. Using a virtual slide system, interesting and significant features of CCC were discovered in the review of 652 cases. This book provides the newest information on the categorization and classification of CCC: growth patterns (papillary, tubocystic, solid, and adenofibromatous), cell types (classical hobnail and clear cell, eosinophilic, oxyphilic, and oncocytic), stromal changes (hyalinized, necrotic, hemorrhagic, lymphocytic infiltrative, luteinized, and psammomatous calcification), presence of endometriosis and atypical endometriosis, and borderline/atypical proliferative tumors. The Atlas of Clear Cell Carcinoma of the Ovary is an invaluable diagnostic resource for pathologists and gynecologic oncologists. 606 $aOncology 606 $aPathology 606 $aObstetrics 606 $aOncology$3https://scigraph.springernature.com/ontologies/product-market-codes/H33160 606 $aPathology$3https://scigraph.springernature.com/ontologies/product-market-codes/H4800X 606 $aObstetrics/Perinatology/Midwifery$3https://scigraph.springernature.com/ontologies/product-market-codes/H26014 615 0$aOncology. 615 0$aPathology. 615 0$aObstetrics. 615 14$aOncology. 615 24$aPathology. 615 24$aObstetrics/Perinatology/Midwifery. 676 $a610 676 $a616.07 676 $a616994 676 $a618.2 700 $aKigawa$b Junzo$4aut$4http://id.loc.gov/vocabulary/relators/aut$01060981 702 $aKaku$b Tsunehisa$4aut$4http://id.loc.gov/vocabulary/relators/aut 702 $aSugiyama$b Toru$4aut$4http://id.loc.gov/vocabulary/relators/aut 702 $aSilverberg$b Steven G$4aut$4http://id.loc.gov/vocabulary/relators/aut 906 $aBOOK 912 $a9910300233903321 996 $aAtlas of Clear Cell Carcinoma of the Ovary$92516602 997 $aUNINA